01271naa#a2200229#i#4500001001600000005001700016011001400033100004100047101000800088102000700096200026400103210010500367215001100472608004500483675021400528700005800742700004800800700005800848700005200906700006200958856002101020RU\\bibl\12653420260702104115.4##a2074-9414##a20260630b2026####ek#y0rusy0150####ca0#aRUS##aRU1#aОптимизация щелочной экстракции и изоэлектрического осаждения белка конопли для использования в пищевой промышленностиeЖурнальная статья1#aКемеровоcКемеровский государственный университетd2026##a12 с.##aЖурнальная статья2local##aХимическая технология. Химическая промышленность. Пищевая промышленность. Металлургия. Родственные отрасли. 66zRUS#1aАлексаночкинgДенис Игоревич#1aФоменкоgИван Андреевич#1aДетинкинgИлья Александрович#1aЧернухаgИрина Михайловна#1aМашенцеваgНаталья Геннадьевна4#ajcenter.kemsu.ru